Score 0/20 Timer 02:00
2 Plays Today
Artist Missing Word % Correct
Joan Jett (and The Blackhearts)You
95.3%
Joan Jett (and The Blackhearts)Roll
93.9%
Joan Jett (and The Blackhearts)Me
91.4%
Janis JoplinHeart
88.1%
Joan Jett (and The Blackhearts)Bad
84.7%
Alanis Morissette Know
80.2%
Janis JoplinBenz
76.6%
Shirley Manson (Garbage)Rains
70.9%
Janis JoplinBobby
69.1%
Alanis Morissette Hand
63.3%
Artist Missing Word % Correct
Shirley Manson (Garbage)Grow
52.3%
Shirley Manson (Garbage)World
52.3%
Shirley Manson (Garbage)Think
51.3%
Joan Jett (and The Blackhearts)Crimson
49%
Janis JoplinGet
48.5%
Janis JoplinBaby
42%
Alanis Morissette Feet
30.1%
Alanis Morissette Thank
12.8%
Alanis Morissette Clean
6.7%
Shirley Manson (Garbage)Crush
5.3%

Today's Daily Dose

Missing Word
Train Books

Word Ladder
Piano Man

Quick Pick
Google Products

Get the Picture
Moana or Coco

Remove Ads.
Support Sporcle.
Get the best of Sporcle when you Go Orange. This ad-free experience offers more features, more stats, and more fun while also helping to support Sporcle. Thank you for becoming a member.

You're not logged in!

Compare scores with friends on all Sporcle quizzes.
OR
Log In

Show Comments

Extras

Top Quizzes Today


Score Distribution

Your Account Isn't Verified!

In order to create a playlist on Sporcle, you need to verify the email address you used during registration. Go to your Sporcle Settings to finish the process.

Report this User

Report this user for behavior that violates our Community Guidelines.

Details: